LEADER 01113nam a2200253 i 4500 001 000000222263 003 CaOOAMICUS 005 20220203113904.0 008 130906s1760 gw u000 u fre u 013 $a201160 026 $ar-er e.re 7.9. gep. (3) 1760 (R) 040 $aSeMil$bita 100 1 $aMoser, Friedrich Karl : von,$d<1723-1798>.$0(OLS)http://semarc/name/77665 245 12$aL'idée du prince et de son ministre tracée, avec la liberté d'un patriote. 260 $aFrancfort et Leipsic :$bChez Knoch et Eslinger,$c1760. 300 $a[8], 400, [24] p. ;$c8º. 500 $aIl nome dell'autore dalla pref. 500 $aSegn.: *4 A-2C8 2D4 700 1 $aKnoch & Esslinger,$c.$0(OLS)http://semarc/name/13277 850 $aSeMil 852 $aSeMil$W1$xVenegono$y1$m2Q II 110 FA$j172609$B172609$CSeMilBibl$Z2$F182977 $8I 996 $6245$aL'idée du prince et de son ministre tracée, avec la liberté d'un patriote$9(OLS)http://semarc/title/318580 996 $6260$aFrancfort et Leipsic :$bChez Knoch et Eslinger$9(OLS)http://semarc/publisher/53254 LEADER 01192nam a2200265 i 4500 001 000000199638 003 CaOOAMICUS 005 20110326000000.0 008 110326s2010 it u000 u ita u 013 $a178330 020 $a978-88-526-0223-8 040 $aSeMil$bita 245 10$aPopieluszko :$bnon si può uccidere la speranza /$ca cura di Annalia Guglielmi. 260 $aCastel Bolognese (RA) :$bItaca,$ccopyr. 2010. 300 $a173 p . ;$c19 cm. 490 0 $aAl cuore della storia 500 $aContiene : Ritratto biografico di padre Popieluszko ; Brevi note biografiche della curatrice. 600 14$aPopie?uszko, Jerzy .$0(OLS)http://semarc/subject/8147 700 1 $aGuglielmi, Annalia.$0(OLS)http://semarc/name/72229 830 0$aAl cuore della storia.$0(OLS)http://semarc/title/33141 850 $aSeMil 852 $aSeMil$W1$xVenegono$y1$m1454 2 1 *$j150179$B150179$CSeMilBibl$Z2$F161531 $81 996 $6020$a978-88-526-0223-8$9(OLS)http://semarc/number/192037 996 $6245$aPopieluszko :$bnon si può uccidere la speranza$9(OLS)http://semarc/title/288633 996 $6260$aCastel Bolognese (RA) :$bItaca$9(OLS)http://semarc/publisher/33200